000 00663nam a2200253 a 4500
999 _c4704
_d4704
001 4704
003 BD-JhCC
005 20171130105413.0
008 171130s1985 e a|||| || | 001 0 eng d
020 _a0813303001
035 _a(BD-JhCC)4704
040 _aBD-JhCC
_dBD-JhCC
041 _aeng
082 _a940.5421
_bMIC 1985
100 _aGlover,Michael
245 _aThe Fight for the Channel Parts /
_cMichael Glover,
260 _aLondon :
_bWestview Press,
_c1985.
300 _a269 p. :
_bill. ;
_c21 cm.
504 _aIncludes Index and Bibliography
650 _aHabors
650 _aEnglish Channel Region
942 _2ddc
_cBK